Normal view
MARC view
- Fiction,
Entry Topical Term
001 - CONTROL NUMBER
- control field: 117986
003 - CONTROL NUMBER IDENTIFIER
- control field: NUST
005 - DATE AND TIME OF LATEST TRANSACTION
- control field: 20230917110814.0
008 - FIXED-LENGTH DATA ELEMENTS
- fixed length control field: 230917|| aca||aabn | a|a d
040 ## - CATALOGING SOURCE
- Original cataloging agency: NUST
- Transcribing agency: NUST
150 ## - HEADING--TOPICAL TERM
- Topical term or geographic name entry element: Fiction,
- Topical term or geographic name entry element: children stories
670 ## - SOURCE DATA FOUND
- Source citation: Work cat.: (NUST): Subond, Valerie 10040, House at Haunted Inlet, 1978.
